Normal view
MARC view
- Supervisor : Dr. Muhammad Jawad Khan
Entry Corporate Name
001 - CONTROL NUMBER
- control field: 122425
003 - CONTROL NUMBER IDENTIFIER
- control field: NUST
005 - DATE AND TIME OF LATEST TRANSACTION
- control field: 20240422163350.0
008 - FIXED-LENGTH DATA ELEMENTS
- fixed length control field: 240422|| aca||aabn | a|a d
040 ## - CATALOGING SOURCE
- Original cataloging agency: NUST
- Transcribing agency: NUST
110 ## - HEADING--CORPORATE NAME
- Corporate name or jurisdiction name as entry element: Supervisor : Dr. Muhammad Jawad Khan
670 ## - SOURCE DATA FOUND
- Source citation: Work cat.: (NUST): ABBAS ,SYED ASSAD 122424, Development of search strategy forsingle / multiagent UAVs in cooperative environment for Search and Rescue (S&R) / Area Surveillance /
